Tangled (Record no. 614875)

000 -LEADER
fixed length control field 00225nam a22001097a 4500
020 ## - INTERNATIONAL STANDARD BOOK NUMBER
International Standard Book Number 9781472385260
082 ## - DEWEY DECIMAL CLASSIFICATION NUMBER
Classification number 813.6
Author Mark DIS
245 ## - TITLE STATEMENT
Title Tangled
260 ## - PUBLICATION, DISTRIBUTION, ETC.
Place of publication, distribution, etc. UK:
Name of publisher, distributor, etc. Parragon books,
Date of publication, distribution, etc. 2017.
563 ## - BINDING INFORMATION
Binding note HB
942 ## - ADDED ENTRY ELEMENTS (KOHA)
Source of classification or shelving scheme
Koha item type Book
Holdings
Withdrawn status Lost status Source of classification or shelving scheme Damaged status Not for loan Permanent Location Current Location Shelving location Date acquired Source of acquisition Total Checkouts Full call number Barcode Date last seen Date last checked out Price effective from Koha item type
          Central Library (CL) Central Library (CL) Children Section 09/25/2025 Donated by Children - Summer Camp, 2025. 1 813.6 DIS CL-CS-24 03/09/2026 10/20/2025 09/25/2025 Children Section
© 2023 Central Library, National University of Sciences and Technology. All Rights Reserved.